| 000 | 00506cam a2200193ua 4500 | ||
|---|---|---|---|
| 001 | 1086 | ||
| 005 | 20260515113256.0 | ||
| 008 | 110428n ii |||gr||||Z||||||eng | ||
| 020 | _a01-956-9881-9 | ||
| 040 | _cMAIN | ||
| 082 | _a322.44 | ||
| 245 | 1 | _aNationalist movement in India. | |
| 250 |
_a1st. / _bEdited by Sekhar Bandyopadhyay. |
||
| 260 |
_aNew Delhi.: _bOxford., _c2009. |
||
| 300 |
_a387 p.: _c25 cm. |
||
| 653 | _aPolitical science. | ||
| 653 | _aNationalist movement in India. | ||
| 942 | _cBK | ||
| 999 |
_c1002 _d1002 |
||